Understanding modern Japan
Պահպանված է:
| Հիմնական հեղինակ: | |
|---|---|
| Ձևաչափ: | Գիրք |
| Լեզու: | անգլերեն |
| Հրապարակվել է: |
Sage Publications
2000
|
| Ցուցիչներ: |
Ավելացրեք ցուցիչ
Չկան պիտակներ, Եղեք առաջինը, ով նշում է այս գրառումը!
|
MARC
| LEADER | 00000nam a22000007a 4500 | ||
|---|---|---|---|
| 008 | 210420b ||||| |||| 00| 0 eng d | ||
| 020 | |a 0-76196195 | ||
| 100 | |a PRESTON, P.W. | ||
| 245 | |a Understanding modern Japan |c P.W.Preston |g vi, 239p. | ||
| 260 | |b Sage Publications |c 2000 |h London |i 0000744 |l HF1602.15 .P92 |m Japan - Foreign economic relations - Pacific Area |m Pacific Area - Foreign economic relations - Japan |m Japan - Economic policy | ||
| 500 | |a “Includes references and index” | ||
| 942 | |a lcc |c BK |e OGUNMILADE, F.T. |f 20/04/2021 | ||
| 952 | |0 0 |1 0 |2 lcc |4 0 |6 HF160215 P92 |7 0 |9 2271 |a HOL |b HOL |c GJ |d 2021-04-20 |l 0 |o HF1602.15 .P92 |p 2021-6125 |r 2021-04-20 00:00:00 |w 2021-04-20 |y BK | ||
| 999 | |c 1168 |d 1168 | ||